Geographic information systems and science / (Record no. 3678)

MARC details
000 -LEADER
fixed length control field 00636nam a22002052 4500
001 - CONTROL NUMBER
control field 0000013147
005 - DATE AND TIME OF LATEST TRANSACTION
control field 20151217145900.0
008 - FIXED-LENGTH DATA ELEMENTS--GENERAL INFORMATION
fixed length control field 090611s xx 000 0 eng d
020 ## - INTERNATIONAL STANDARD BOOK NUMBER
International Standard Book Number 047087001x :
040 ## - CATALOGING SOURCE
Original cataloging agency KABU
Transcribing agency KABU
245 10 - TITLE STATEMENT
Title Geographic information systems and science /
Statement of responsibility, etc. Paul A. Longley ...[et al.].
250 ## - EDITION STATEMENT
Edition statement 2nd ed.
260 ## - PUBLICATION, DISTRIBUTION, ETC. (IMPRINT)
Place of publication, distribution, etc. Chichester, England :
Name of publisher, distributor, etc. John Wiley,
Date of publication, distribution, etc. 2005.
300 ## - PHYSICAL DESCRIPTION
Extent xvii, 517 p.
650 #0 - SUBJECT ADDED ENTRY--TOPICAL TERM
Topical term or geographic name as entry element Geographic information systems.
-- 0000169612
700 1# - ADDED ENTRY--PERSONAL NAME
Personal name Longley, Paul A.
-- 0000170276
852 1# - LOCATION
-- p5460 KES
908 ## - PUT COMMAND PARAMETER (RLIN)
Put command parameter 090611
950 ## - LOCAL HOLDINGS (RLIN)
-- 1
Holdings
Withdrawn status Lost status Source of classification or shelving scheme Not for loan Home library Current library Date acquired Total Checkouts Full call number Barcode Date last seen Price effective from Koha item type
    Library of Congress Classification   Kabarak, Main Campus Kabarak, Main Campus 17/12/2015   G70.212 .G46 2005 c. 1 17838 17/12/2015 17/12/2015 General Collection
    Library of Congress Classification   Kabarak, Main Campus Kabarak, Main Campus 17/12/2015   G70.212 .G46 2005 c. 2 18104 17/12/2015 17/12/2015 General Collection
Designed with assistance from East African Informatics Ltd